00870 a2200181 45000010006000000050017000060080041000230030015000640400040000790800117001192450060002362640045002963000019003415050195003600410008005551000026005638560099005895309020260407155804.0260407a1970 arg spa dAR-UNSa-BCEJYS aAR-UNSa-BCEJYSbspacAR-UNSa-BCEJYS a338.2xPolítica económica. Control de la economía. Gestión de la economía. Planificación económica10aPolítica antiinflacionaria en la Argentina, 1967-1970 1aBuenos Aires :bAmorrortu Editoresc1970 a135 p.c19 cm. a1. Introducción - 2. Antecedentes del plan, objetivos y restricciones - 3. El plan en sí. El período Krieger Vaena - 4. El plan en sí. El período Dagnino Patore - 5. Conclusiones.  aspa1 aDe Pablo, Juan Carlos41uhttps://www.biblioeco.unsa.edu.ar/pmb/images/libros/L128350.jpgyImagen de portadaqimage/jpeg